The New Testament (Registro nro. 45504)
[ vista simple ]
| 000 -LÍDER | |
|---|---|
| Campo fijo de descripción fija | 01284aam a2200289 4500 |
| 001 - NÚMERO DE CONTROL | |
| Campo de control | 19129 |
| 003 - IDENTIFICADOR DEL NÚMERO DE CONTROL | |
| Campo de control | CO-MdFUSB |
| 005 - FECHA Y HORA DE LA ULTIMA TRANSACCIÓN | |
| control field | 20171110093010.0 |
| 008 - ELEMENTOS DE LONGITUD FIJA -- INFORMACIÓN GENERAL | |
| Campo fijo de descripción fija -- Información general | 170407t1972 enk||||| |||| 00| 0 eng d |
| 020 ## - NÚMERO INTERNACIONAL NORMALIZADO PARA LIBROS | |
| Número Internacional Normalizado del libro | 334-01130-2 |
| 040 ## - FUENTE DE CATALOGACIÓN | |
| Agencia de catalogación original | CO-MdFUSB |
| Idioma de catalogación | spa |
| Agencia que realiza la transcripción | CO-MdFUSB |
| Agencia que realiza la modificación | CO-MdFUSBC |
| Convenciones de la descripción | rda |
| 041 ## - CÓDIGO DE IDIOMA | |
| Código de idioma para texto/pista de sonido o título separado | eng |
| 082 04 - NÚMERO DE CLASIFICACIÓN DECIMAL DEWEY | |
| Número de clasificación | G 225.61 K9642n |
| 100 1# - ASIENTO PRINCIPAL--NOMBRE PERSONAL | |
| Nombre personal | Kümmel, Werner Georg |
| Término relacionador | autor |
| 245 14 - TÍTULO | |
| Título del Material | The New Testament |
| Parte restante del título - Subtitulo | : The history of the investigation of its problems |
| Mención de responsabilidad, etc. | / Werner Georg Kümmel ; Translated by S. McLean Gilmour, Howard C. Kee |
| 250 ## - MENCIÓN DE EDICIÓN | |
| Mención de edición | Segunda edición |
| 264 #4 - PRODUCCIÓN, PUBLICACIÓN, DISTRIBUCIÓN, MANUFACTURA, Y COPYRIGHT | |
| Lugar de producción, publicación, distribución, manufactura | London: |
| Nombre del productor, publicador, distribuidor | SCM Press, |
| Fecha de producción, publicación, distribución, manufactura, o copyright | © 1972 |
| 300 ## - DESCRIPCIÓN FÍSICA | |
| Extensión | 510 páginas |
| 336 ## - TIPO DE CONTENIDO | |
| Fuente | rdacontent |
| Término de tipo de contenido | texto |
| Código de tipo de contenido | txt |
| 337 ## - TIPO DE MEDIO | |
| Fuente | rdamedia |
| Nombre del tipo de medio | sin mediación |
| Código del tipo de medio | n |
| 338 ## - TIPO DE SOPORTE | |
| Fuente | rdacarrier |
| Nombre del tipo de soporte | volumen |
| Código Tipo de soporte | nc |
| 500 ## - NOTA GENERAL | |
| Nota General | Título original en alemán: Das neue testament : Geschichte der erforschung seiner probleme |
| 501 ## - NOTA DE “CON” | |
| Nota de Contenido | Pasta dura |
| 505 00 - NOTA DE CONTENIDO | |
| Nota de contenido con formato preestablecido | La prehistoria - Los estímulos decisivos - Los inicios de las principales disciplinas de la investigación del Nuevo Testamento - El enfoque histórico al Nuevo Testamento - La escuela "la historia de religiones" de la interpretación del Nuevo Testamento - La perspectiva histórico-teológica del Nuevo Testamento |
| 630 07 - TITULO UNIFORME | |
| Título uniforme | Biblia. |
| Nombre de parte o sección de la obra | Nuevo Testamento |
| 942 ## - TIPO DE MATERIAL (KOHA) | |
| Tipo de Item KOHA | Libros General |
| Estado de Material | Estado de Perdido | Estado de Dañado | No para Préstamo | Colección | Tomo | Biblioteca de Origen | Biblioteca Permanente | Fecha de Adquisición | Total de Préstamos | Signatura Topográfica | Código de Barras | Última vez visto | Ejemplar/Existencia | Fecha de Remplazo | Tipo de Material |
|---|---|---|---|---|---|---|---|---|---|---|---|---|---|---|---|
| Colección General | Biblioteca FUSBC | Biblioteca FUSBC | 06/03/2015 | G 225.61 K9642n | 19161 | 12/12/2019 | 1 | 26/01/2016 | Libros General |
